000 00500nam a22001817a 4500
005 20251108175339.0
008 250721s2014 xx 000 0 ara d
082 1 4 _a811.9565/خضي
100 1 _aخضير، محمد احمد حسين
245 1 0 _aقلب قزح : شعر /
264 1 _aعمان :
_bدار دجلة،
_c2014.
300 _a102 ص.
650 1 7 _aالشعر العربي
650 1 7 _aالعصر الحديث
650 1 7 _aالأردن
942 _2ddc
_cBK
999 _c131984
_d131984